IFAB Motifs CFD - Statistiques

Statistiques générales
  • Ce quiz a été pris 6 fois
  • Le résultat moyen est 6 sur 12
Statistiques - réponses
Hint Réponse % Correct
1 charger un adversaire
100%
4 bousculer un adversaire
67%
8 commettre une main
67%
10 faire obstacle à la progression d’un adversaire avec contact
67%
5 frapper ou essayer de frapper un adversaire
67%
2 sauter sur un adversaire
67%
9 tenir ou retenir un adversaire
67%
3 donner ou essayer de donner un coup de pied à l’adversaire
33%
7 faire ou essayer de faire trébucher un adversaire
33%
6 tacler un adversaire ou lui disputer le ballon
33%
12 lancer un objet sur/vers le ballon un adversaire ou un arbitre ou toucher le ballon avec un objet tenu à la main
0%
11 mordre ou cracher sur/vers quelqu’un inscrit sur la liste de départ ou un arbitre
0%
Aucun quiz correspondant
Distribution des résultats
% des personnes avec chaque résultat
Percentile par nombre de réponses
Votre historique - résultats
Vous n’avez pas pris ce quiz